| 000 | 00351nam a2200109Ia 4500 | ||
|---|---|---|---|
| 008 | 220204s9999 xx 000 0 und d | ||
| 082 |
_aNR:33ED4 _bGEO |
||
| 100 | _aGEORGE, KT | ||
| 245 | 0 | _aProposal for optional control of rubber nurseries in India (Discussion paper, Eco 4) | |
| 260 |
_aKottayam _bRuber Research Institute of India _c2013 |
||
| 942 | _cBK | ||
| 999 |
_c44619 _d44619 |
||